Photochemistry and photobiology of nucleic acids. V 1. Chemistry (Record no. 26012)

MARC details
000 -LEADER
fixed length control field 00306nam a2200109Ia 4500
082 ## - DEWEY DECIMAL CLASSIFICATION NUMBER
Classification number 541.14
Item number SHI
245 #0 - TITLE STATEMENT
Title Photochemistry and photobiology of nucleic acids. V 1. Chemistry
260 ## - PUBLICATION, DISTRIBUTION, ETC. (IMPRINT)
Place of publication New York
Name of publisher Academic
Year of publication 1976
700 ## - ADDED ENTRY--PERSONAL NAME
Personal name Shih Yi Wang
942 ## - ADDED ENTRY ELEMENTS (KOHA)
Koha item type Books
Holdings
Withdrawn status Lost status Damaged status Not for loan Home library Current library Date acquired Cost, normal purchase price Full call number Accession Number Koha item type
        RRII Library RRII Library 16/12/2021 54.00 541.14 SHI 06652 Books